Television Quiz / SNL Cast Blitz

Random Television or Blitz Quiz

Results

Quiz Updated Aug 23, 2012

Also try: SNL Cast A-Z
Challenge
Share
Tweet
Embed
Score 0/40 Timer 01:00
21 Plays Today
First name % Correct
Tina
67.7%
Adam
67.1%
Will
66.9%
John or Jim
65.7%
Dan
65%
Amy
64.9%
Jimmy
64.9%
Chris
63.3%
Chris
63%
David
63%
Dana
62.3%
Bill
58.2%
Mike
58.2%
Andy
58.1%
Kristen
57.5%
Tracy
54.8%
Jon
54.5%
Chris
54.3%
Maya
54.2%
Molly
54%
First name % Correct
Phil
52.7%
Will
52.6%
Rob
52.3%
Bill
51.9%
Jason
51.9%
Fred
51.7%
Kevin
51.1%
Norm
50.9%
Tim
49.5%
Rachel
48.8%
Cheri
48.3%
Horatio
47%
Chris
46.3%
Seth
46%
Gilda
46%
Darrell
45.5%
Ana
45.5%
Jane
44.5%
Kenan
38.1%
Dennis
31.5%
 
Number % Answered
40 (all)
4.7%
35-39
9%
30-34
10.7%
25-29
13.8%
20-24
16.7%
15-19
18.1%
10-14
15.7%
5-9
8.6%
1-4
2.7%

You're not logged in!

Compare scores with friends on all Sporcle quizzes.
Sign Up with Email
OR
Log In

You Might Also Like...

Show Comments

Extras


Your Account Isn't Verified!

In order to create a playlist on Sporcle, you need to verify the email address you used during registration. Go to your Sporcle Settings to finish the process.